MARC

LEADER 00000nam0a2200000 4500
001 355450
005 20231102010808.0
035 |a (RuTPU)RU\TPU\retro\12710 
090 |a 355450 
100 |a 20200708d1973 m y0rusy50 ca 
101 0 |a rus 
102 |a RU 
105 |a a j 001zy 
200 1 |a Практические работы и семинарные занятия по органической химии  |e учебное пособие для вузов  |f И. И. Гранберг 
210 |a Москва  |c Высшая школа  |d 1973 
215 |a 240 с.  |c ил. 
320 |a Библиогр.: с. 228-236 
606 1 |a Органическая химия  |2 stltpush  |3 (RuTPU)RU\TPU\subj\47309  |9 66362 
610 1 |a учебные пособия 
610 1 |a практические работы 
610 1 |a семинарские занятия 
610 1 |a методы работы 
610 1 |a аналитические аспекты 
610 1 |a задачи 
610 1 |a решения 
610 1 |a хроматографические методы 
610 1 |a перегонка 
610 1 |a качественный анализ 
610 1 |a липиды 
610 1 |a углеводы 
610 1 |a гетероциклы 
610 1 |a углеводороды 
675 |a 547(076.5)  |v 4 
700 1 |a Гранберг  |b И. И.  |g Игорь Иоганович 
702 1 |a Кост  |b А. Н.  |4 340 
801 1 |a RU  |b 63413507  |c 20200708 
801 2 |a RU  |b 63413507  |c 20210211  |g RCR 
942 |c BK